Further studies on Mesopotamian witchcraft beliefs and literature /
"Among the most important sources for understanding the cultures, religions, and systems of thought of ancient Mesopotamia is the large corpus of magical and medical texts directed against witchcraft. The most important of these texts is the Akkadian series Maqlû ("Burning"). This vol...
المؤلف الرئيسي:
التنسيق: كتاب الكتروني
اللغة: English
منشور في:
Leiden Boston :
BRILL,
2020.
سلاسل:
Ancient Magic and Divination;
volume 17.
Biblical Studies, Ancient Near East and Early Christianity E-Books Online, Collection 2020, ISBN: 9789004407367.
الموضوعات:
الوصول للمادة أونلاين: Login to view Source
الوسوم: إضافة وسم
رقم الطلب:
| LEADER | 02332cam a22004098i 4500 | ||
|---|---|---|---|
| 001 | BRILL9789004421912 | ||
| 003 | nllekb | ||
| 005 | 20210602100731.0 | ||
| 006 | m d | ||
| 007 | cr un uuuua | ||
| 008 | 191107s2020 mau b 001 0 eng | ||
| 020 | |a 9789004421912 |q (electronic book) | ||
| 020 | |z 9789004421905 |q (print) | ||
| 024 | 7 | |a 10.1163/9789004421912 |2 DOI | |
| 035 | |z (OCoLC)1127665035 | ||
| 040 | |a NL-LeKB |c NL-LeKB |e rda | ||
| 072 | 7 | |a HRQX |2 bicssc | |
| 072 | 7 | |a OCC |x 16000 |2 bisacsh | |
| 100 | 1 | |a Abusch, I. Tzvi, |e author. | |
| 245 | 1 | 0 | |a Further studies on Mesopotamian witchcraft beliefs and literature / |c by Tzvi Abusch. |
| 264 | 1 | |a Leiden Boston : |b BRILL, |c 2020. | |
| 300 | |a 1 online resource. | ||
| 336 | |a text |b txt |2 rdacontent | ||
| 337 | |a unmediated |b n |2 rdamedia | ||
| 338 | |a volume |b nc |2 rdacarrier | ||
| 490 | 1 | |a Ancient Magic and Divination; |v volume 17 | |
| 490 | 1 | |a Biblical Studies, Ancient Near East and Early Christianity E-Books Online, Collection 2020, ISBN: 9789004407367 | |
| 504 | |a Includes bibliographical references and index. | ||
| 520 | |a "Among the most important sources for understanding the cultures, religions, and systems of thought of ancient Mesopotamia is the large corpus of magical and medical texts directed against witchcraft. The most important of these texts is the Akkadian series Maqlû ("Burning"). This volume offers a collection of studies on Mesopotamian witchcraft and Maqlû written subsequent to the appearance of the author's 2002 collection of studies on witchcraft (Brill, 2002). Many of the studies reprinted here take a diachronic approach to individual incantations and rituals and attempt to solve textual difficulties using literary-critical and/or text-critical approaches". | ||
| 650 | 0 | |a Religion. | |
| 776 | 0 | 8 | |i Print version: |t Further studies on Mesopotamian witchcraft beliefs and literature, |d Leiden Boston: BRILL, 2020 |w 9789004421905 |
| 830 | 0 | |a Ancient Magic and Divination; |v volume 17. | |
| 830 | 0 | |a Biblical Studies, Ancient Near East and Early Christianity E-Books Online, Collection 2020, ISBN: 9789004407367. | |
| 856 | 4 | |z DOI: |u http://dx.doi.org/10.1163/9789004421912 | |
| 942 | |c EBOOK | ||
| 952 | |0 0 |1 0 |4 0 |7 1 |9 14286 |a BRILL |b BRILL |d 2021-06-02 |l 0 |r 2021-06-02 00:00:00 |w 2021-06-02 |y EBOOK | ||
| 999 | |c 35736 |d 35736 | ||
